Ères Géologiques - Statistiques

Statistiques générales
  • Ce quiz a été pris 276 fois
  • Le résultat moyen est 14 sur 27
Statistiques - réponses
Époque % Correct
Jurassique
90%
Crétacé
86%
Trias
85%
Cambrien
68%
Mésozoique
68%
Précambrien
61%
Paléozoique
60%
Quaternaire
57%
Permien
55%
Dévonien
53%
Carbonifère
52%
Cénozoique
51%
Silurien
48%
Éocène
45%
Paléocène
43%
Hadéen
42%
Holocène
42%
Ordovicien
41%
Oligocène
39%
Archéen
38%
Phanérozoique
36%
Miocène
35%
Paléogène
35%
Pléistocène
34%
Pliocène
33%
Protérozoique
33%
Néogène
32%
Aucun quiz correspondant
Distribution des résultats
% des personnes avec chaque résultat
Percentile par nombre de réponses
Votre historique - résultats
Vous n’avez pas pris ce quiz